=LDR 00000nam 2200000 4500 =001 INLIS000000000032808 =005 20130612134811 =008 ***********************************ind** =035 ##$$0010-061300000032808 =041 ##$$a ind =082 ##$$a 915.98 =090 ##$$a 915.98, Suj m =100 ##$$a Sujadi, Firman =245 ##$$a Mengenal Profil 33 Provinsi Di Indonesia, Firman Sujadi;Editor, Tim BPH =260 ##$$a 2009 $b Bogor =300 ##$$a vi,138 hlm, Ilus, 21 cm =650 ##$$a Indonesia-Geografi =710 ##$$a Tim BPH =850 ##$$a NBPNMAT =990 ##$$a 21400613/BPAP-NTB/20142014 =990 ##$$a 0001/BPAP-NTB/2015